Statistics for twenty one pilots - quotes (fill in the blank)

Click here to take the quiz!

General Stats

  • This quiz has been taken 28 times
  • The average score is 7 of 15

Answer Stats

QuoteBlank% Correct
you can close your _____if you want to, sometimes things are less scaryeyes
88%
scuse me could you please _____leave
88%
We are twenty one pilost and so are _____you
83%
stay alive everybody, it's _____ it, I promiseworth
79%
uSe yOuR _____gLuTeS
71%
Power to the local _____dreamer
58%
after everyone _____, I hope you stick aroundleaves
54%
close your eyes in celebration, you're _____ !alive
50%
know this, you can start over each _____morning
33%
Who is Josh's dun best friend? his nam is Bill, his _____dad
21%
What inspires you? _____, long _____grass
21%
only _____ bones remainskeleton
17%
Do you need a new you? I need a new me, I _____ meirenewed
8%
Bozo the bonking _____agent
4%
this concert means something, this show means something. it means there's a room full of _____ who decided that it was worth it to keep going, at least for toadypeole
0%

Score Distribution

Percentile by Number Answered

Percent of People with Each Score

Your Score History

You have not taken this quiz